GTA 5 Quiz PL - Statystyki

Ogólne statystyki
  • Ten quiz został rozwiązany 1 509 razy
  • Średni wynik to 10 z 15
Statystyki odpowiedzi
Zagadnienie Odpowiedź % Poprawnych
Jaki jest ulubiony program telewizyjny Tracey, Córki Michaela? Fame or Shame
95%
Jak nazywa się postać która była w grobie Micheala Townleya? Brad
92%
Czego najbardziej boi się Trevor? Klaunów
90%
Gdzie pracował Trevor w przeszłości? Pilot Wojskowy
90%
Jak na imię ma ciotka Franklina? Denise
89%
Jak na nazwisko ma Ron, Przyjaciel Trevora? Jakowski
88%
Jak nazywa się kult do którego dołączyć może Michael Epsilon
80%
Jaki kolor nosi gang pod nazwą Vagos? Żółty
73%
Ile kryjówek łącznie miał trevor? 3
70%
Jak nazywa się superbohater którego figurkę miał Trevor? Sflaczały gniew
68%
Jaka jest pierwsza postać w którą się wcielamy? Michael
64%
Czy CJ protagonista GTA San Andreas jest spokrewniony z jakimś bohaterem z GTA 5? Nie, z nikim
57%
Jaka była ostatnia rzeźnia na Trevorze? Hipsterzy
39%
O której godzinie pojawia się duch z góry Gordo 23:00
29%
Jak na imię mają dzieci Micheala? Tracey i James
16%
Nie znaleziono quizów pasujących do podanych kryteriów
Rozkład punktacji
Procent ludzi z każdym wynikiem
Percentyl według liczby udzielonych odpowiedzi
Twoja historia wyników
Nie rozwiązałeś tego quizu